000 00252nam a2200109Ia 4500
008 220204s9999 xx 000 0 und d
082 _a82-3SIL
_bTHO
100 _aThornton, Carolyn
245 0 _aLooking glass love
260 _bSilhouette
942 _cBK
999 _c37885
_d37885